| 000 | 00321nam a22001337a 4500 | ||
|---|---|---|---|
| 040 | _cFIZZA ISHAQ | ||
| 082 |
_a624.15136 _bBRA |
||
| 100 |
_aDAS, M BRAJA. _986120 |
||
| 245 |
_aADVANCED SOIL MACHANICS / _cDAS, M BRAJA. |
||
| 250 | _a5th ED. | ||
| 260 |
_aLONDON : _bCRC, _c2019. |
||
| 300 | _a712 P. ; | ||
| 942 |
_2ddc _cBK |
||
| 999 |
_c587247 _d587247 |
||